[Event "WchT Blitz Pool C"]
[Site "London"]
[Date "2025.06.14"]
[Round "12.1"]
[White "Momunaliev, Ruslan"]
[Black "Zakarian, David"]
[Result "1-0"]
[WhiteElo "2214"]
[BlackElo "2301"]
[PlyCount "59"]
[EventDate "2025.06.14"]
[EventType "team-tourn"]
[EventRounds "13"]
[EventCountry "ENG"]
[SourceTitle "CB25_2025"]
[SourceDate "2025.06.18"]
[SourceVersion "1"]
[SourceVersionDate "2025.06.18"]
[SourceQuality "1"]
[WhiteTeam "KYR Youth"]
[BlackTeam "ANI"]
[WhiteTeamCountry "KGZ"]
[BlackTeamCountry "ENG"]

1. e4 Nc6 2. Nf3 d6 3. d4 Nf6 4. Nc3 Bg4 5. Be3 e6 6. Be2 d5 7. exd5 exd5 8. Ne5 Bxe2 9. Qxe2 Be7 10. 0-0-0 0-0 11. f3 Bb4 12. Qd3 a6 13. Bg5 Qd6 14. Bf4 Bxc3 15. Qxc3 Nh5 16. Be3 f6 17. Nd3 Rfe8 18. Qd2 g6 19. g4 Ng7 20. Bf4 Qd7 21. h4 b6 22. Qf2 Ne6 23. Be3 Na5 24. g5 Nc4 25. gxf6 Nxe3 26. Qxe3 c5 27. Ne5 Qa4 28. f7+ Kg7 29. fxe8Q Rxe8 30. Qb3 1-0

[Event "WchT Blitz Pool C"]
[Site "London"]
[Date "2025.06.14"]
[Round "10.1"]
[White "Sindarov, Javokhir"]
[Black "Zakarian, David"]
[Result "1-0"]
[WhiteElo "2710"]
[BlackElo "2301"]
[PlyCount "55"]
[EventDate "2025.06.14"]
[EventType "team-tourn"]
[EventRounds "13"]
[EventCountry "ENG"]
[SourceTitle "CB25_2025"]
[SourceDate "2025.06.18"]
[SourceVersion "1"]
[SourceVersionDate "2025.06.18"]
[SourceQuality "1"]
[WhiteTeam "Uzbekistan"]
[BlackTeam "ANI"]
[WhiteTeamCountry "UZB"]
[BlackTeamCountry "ENG"]

1. e4 c5 2. Nf3 Nc6 3. d4 cxd4 4. Nxd4 e5 5. Nb5 d6 6. N1c3 a6 7. Na3 Be6 8. Nc4 b5 9. Ne3 Nf6 10. Bd3 g6 11. a4 b4 12. Ncd5 Bg7 13. Nxf6+ Bxf6 14. Bc4 0-0 15. 0-0 Bg7 16. Qd3 Bxc4 17. Nxc4 Nd4 18. Be3 Qc7 19. Kh1 Rac8 20. b3 f5 21. Bxd4 exd4 22. Rae1 fxe4 23. Qxe4 Rf7 24. Qd5 Rd8 25. Re6 Kh8 26. Rxd6 Rxd6 27. Nxd6 Rd7 28. Qa8+ 1-0

[Event "WchT Rapid"]
[Site "London"]
[Date "2025.06.13"]
[Round "10.1"]
[White "Zakarian, David"]
[Black "Gallana, Marco"]
[Result "0-1"]
[WhiteElo "2277"]
[BlackElo "2232"]
[PlyCount "76"]
[EventDate "2025.06.11"]
[EventType "team-swiss"]
[EventRounds "12"]
[EventCountry "ENG"]
[SourceTitle "CB25_2025"]
[SourceDate "2025.06.18"]
[SourceVersion "1"]
[SourceVersionDate "2025.06.18"]
[SourceQuality "1"]
[WhiteTeam "ANI"]
[BlackTeam "Hammersmith"]
[WhiteTeamCountry "ENG"]
[BlackTeamCountry "ENG"]

1. e4 c5 2. b3 Nc6 3. Bb2 e5 4. Bb5 d6 5. Ne2 Nf6 6. Nbc3 g6 7. 0-0 Bg7 8. f4 exf4 9. Nxf4 0-0 10. Rb1 Nd4 11. Bd3 Ng4 12. Ncd5 Bd7 13. c3 Nc6 14. Be2 Qh4 15. h3 Nf6 16. Nxf6+ Bxf6 17. d4 cxd4 18. cxd4 Rae8 19. Nd5 Bg7 20. Rf4 Qd8 21. Bg4 Be6 22. Qd3 Bxd5 23. exd5 Ne7 24. Qc4 h5 25. Bf3 Nf5 26. Be4 Bh6 27. Rxf5 gxf5 28. Bxf5 Be3+ 29. Kh1 Qg5 30. Rf1 Bf4 31. Bc1 Bxc1 32. Qxc1 Re3 33. Bb1 Rfe8 34. Qc7 R8e7 35. Qxd6 Re1 36. Qd8+ Kg7 37. Rg1 Rxg1+ 38. Kxg1 Re1+ 0-1

[Event "WchT Rapid"]
[Site "London"]
[Date "2025.06.13"]
[Round "9.1"]
[White "Zakarian, David"]
[Black "Ganerdene, Sugar"]
[Result "1/2-1/2"]
[WhiteElo "2277"]
[BlackElo "2433"]
[PlyCount "149"]
[EventDate "2025.06.11"]
[EventType "team-swiss"]
[EventRounds "12"]
[EventCountry "ENG"]
[SourceTitle "CB25_2025"]
[SourceDate "2025.06.18"]
[SourceVersion "1"]
[SourceVersionDate "2025.06.18"]
[SourceQuality "1"]
[WhiteTeam "ANI"]
[BlackTeam "Mongolia II"]
[WhiteTeamCountry "ENG"]
[BlackTeamCountry "MGL"]

1. e4 c5 2. Nf3 d6 3. Bb5+ Nd7 4. d4 cxd4 5. Qxd4 a6 6. Bxd7+ Bxd7 7. c4 e5 8. Qd3 b5 9. Nc3 bxc4 10. Qxc4 Be6 11. Qc6+ Bd7 12. Qc4 Qc8 13. Qd3 Qb7 14. 0-0 Bb5 15. Nxb5 Qxb5 16. Qc2 h6 17. Rd1 Nf6 18. b3 Qb7 19. Ba3 Rc8 20. Qd3 Nxe4 21. Re1 Nc5 22. Qe3 Be7 23. Rac1 0-0 24. Nxe5 dxe5 25. Bxc5 Bg5 26. Qxe5 Bxc1 27. Rxc1 Rfe8 28. Qc3 Qd5 29. g3 h5 30. h4 Rxc5 31. Qxc5 Re1+ 32. Rxe1 Qxc5 33. a4 a5 34. Re3 g6 35. Kg2 Kg7 36. Kg1 Kf6 37. Kg2 Qc6+ 38. Kg1 Kf5 39. Kh2 f6 40. Rd3 g5 41. hxg5 fxg5 42. Re3 h4 43. gxh4 gxh4 44. Rh3 Kg4 45. Re3 Kf4 46. Rh3 Qg6 47. Re3 Qf5 48. Kg2 Qd5+ 49. Kh2 Qd1 50. Kg2 Qb1 51. Rf3+ Kg4 52. Re3 Qc2 53. Rh3 Qc6+ 54. Kh2 Kf4 55. Re3 Qc2 56. Kg2 Qd1 57. Rh3 Qg4+ 58. Kh2 Qg6 59. Re3 Kg4 60. Kg2 Qc6+ 61. Kh2 Qc2 62. Kg2 Kf4 63. Rh3 Qc6+ 64. Kh2 Qd5 65. Re3 Qd2 66. Kg2 Qxe3 67. fxe3+ Kxe3 68. b4 axb4 69. a5 b3 70. a6 b2 71. a7 b1Q 72. a8Q Qg6+ 73. Kh1 h3 74. Qa3+ Kf2 75. Qb2+ 1/2-1/2

[Event "WchT Rapid"]
[Site "London"]
[Date "2025.06.11"]
[Round "3.1"]
[White "Zakarian, David"]
[Black "Atlas, Valeri"]
[Result "1/2-1/2"]
[WhiteElo "2277"]
[BlackElo "2419"]
[PlyCount "88"]
[EventDate "2025.06.11"]
[EventType "team-swiss"]
[EventRounds "12"]
[EventCountry "ENG"]
[SourceTitle "CB25_2025"]
[SourceDate "2025.06.18"]
[SourceVersion "1"]
[SourceVersionDate "2025.06.18"]
[SourceQuality "1"]
[WhiteTeam "ANI"]
[BlackTeam "Perfect"]
[WhiteTeamCountry "ENG"]
[BlackTeamCountry "USA"]

1. e4 c5 2. Nf3 e6 3. d3 d6 4. g3 b6 5. Bg2 Bb7 6. 0-0 Nf6 7. c3 Be7 8. Re1 Nbd7 9. Nbd2 Ne5 10. Nf1 0-0 11. Bf4 Nxf3+ 12. Bxf3 e5 13. Bg5 Ne8 14. Bxe7 Qxe7 15. Ne3 g6 16. d4 Ng7 17. dxc5 dxc5 18. Qa4 Qc7 19. Rad1 Bc6 20. Qb3 Rad8 21. h4 h5 22. Bg2 Rxd1 23. Rxd1 Rd8 24. Nd5 Bxd5 25. Rxd5 Ne8 26. Qa4 a5 27. Rxd8 Qxd8 28. Qc6 Kf8 29. Bf1 Nd6 30. a4 Kg7 31. Be2 Kh6 32. Kg2 f6 33. Qd5 Qe7 34. Bd3 Kg7 35. Bc2 f5 36. exf5 gxf5 37. Bb3 Qb7 38. f3 Qxd5 39. Bxd5 Kf6 40. Kf2 Kg6 41. Ke3 Kf6 42. Kf2 Kg6 43. Ke3 Kf6 44. Kf2 Kg6 1/2-1/2

[Event "Titled Tuesday intern op 06th Aug Late"]
[Site "Chess.com INT"]
[Date "2024.08.06"]
[Round "3"]
[White "Hernandez Jimenez, Alexander Andres"]
[Black "Zakarian, David"]
[Result "1-0"]
[WhiteElo "2026"]
[BlackElo "2301"]
[PlyCount "61"]
[EventDate "2024.08.06"]
[EventType "swiss (blitz)"]
[EventRounds "11"]
[EventCountry "USA"]
[SourceTitle "EXT 2025"]
[Source "ChessBase"]
[SourceDate "2024.10.14"]
[SourceVersion "1"]
[SourceVersionDate "2024.10.14"]
[SourceQuality "1"]

1. e4 c5 2. Nf3 e6 3. d4 cxd4 4. Nxd4 a6 5. c4 Nf6 6. Nc3 Qc7 7. Be2 b6 8. 0-0 Bb7 9. f3 d6 10. Be3 Nbd7 11. Rc1 Be7 12. g4 Ne5 13. g5 Nfd7 14. f4 Ng6 15. Qe1 Nc5 16. f5 exf5 17. exf5 Ne5 18. Nd5 Bxd5 19. cxd5 Qd8 20. f6 gxf6 21. gxf6 Bxf6 22. Qf2 Bg5 23. Nc6 Bxe3 24. Qxe3 Qc7 25. Nxe5 dxe5 26. b4 Rc8 27. bxc5 bxc5 28. Bh5 0-0 29. Qg5+ Kh8 30. Qf6+ Kg8 31. Rc3 1-0

[Event "Titled Tuesday intern op 16th Jul Late"]
[Site "Chess.com INT"]
[Date "2024.07.16"]
[Round "3"]
[White "Elsness, Frode"]
[Black "Zakarian, David"]
[Result "1-0"]
[WhiteElo "2418"]
[BlackElo "2301"]
[PlyCount "81"]
[EventDate "2024.07.16"]
[EventType "swiss (blitz)"]
[EventRounds "11"]
[EventCountry "USA"]
[SourceTitle "EXT 2025"]
[Source "ChessBase"]
[SourceDate "2024.10.14"]
[SourceVersion "1"]
[SourceVersionDate "2024.10.14"]
[SourceQuality "1"]

1. d4 Nf6 2. c4 Nc6 3. Nf3 e6 4. Nc3 Bb4 5. Qc2 Qe7 6. a3 Bxc3+ 7. Qxc3 Ne4 8. Qc2 f5 9. e3 0-0 10. Bd3 d5 11. b4 Nd8 12. Ne5 Nf7 13. Nxf7 Rxf7 14. 0-0 c6 15. f3 Nf6 16. Bb2 Bd7 17. e4 fxe4 18. fxe4 dxe4 19. Bxe4 Nxe4 20. Qxe4 Raf8 21. h3 Qg5 22. Rxf7 Rxf7 23. Rf1 Rxf1+ 24. Kxf1 Qf5+ 25. Qxf5 exf5 26. h4 g6 27. Kf2 Kf7 28. Ke3 h6 29. Kf4 Kf6 30. d5+ Kf7 31. Ke5 g5 32. Kd6 Be8 33. h5 cxd5 34. cxd5 b5 35. Kc7 f4 36. Be5 Ke7 37. Bg7 g4 38. Bxh6 f3 39. gxf3 gxf3 40. Be3 Kf6 41. d6 1-0

[Event "Titled Tuesday intern op 16th Jul Late"]
[Site "Chess.com INT"]
[Date "2024.07.16"]
[Round "1"]
[White "Ibarra Jerez, Jose Carlos"]
[Black "Zakarian, David"]
[Result "1-0"]
[WhiteElo "2559"]
[BlackElo "2301"]
[PlyCount "61"]
[EventDate "2024.07.16"]
[EventType "swiss (blitz)"]
[EventRounds "11"]
[EventCountry "USA"]
[SourceTitle "EXT 2025"]
[Source "ChessBase"]
[SourceDate "2024.10.14"]
[SourceVersion "1"]
[SourceVersionDate "2024.10.14"]
[SourceQuality "1"]

1. e4 c5 2. Nf3 e6 3. b3 b6 4. d4 cxd4 5. Nxd4 Bb7 6. Nb5 d6 7. Bf4 e5 8. Be3 Nf6 9. f3 Nc6 10. c4 Be7 11. Be2 0-0 12. 0-0 a6 13. N5c3 Nd7 14. Nd5 Nc5 15. Nxe7+ Nxe7 16. Nc3 f5 17. exf5 Nxf5 18. Bf2 Ne6 19. Bd3 Nfd4 20. Be4 Bxe4 21. Nxe4 d5 22. cxd5 Qxd5 23. Kh1 Rad8 24. Qd3 Nf4 25. Qxa6 Nxg2 26. Bxd4 Qxd4 27. Kxg2 Qb2+ 28. Kh1 Rxf3 29. Qc4+ Kh8 30. Ng5 Rxf1+ 31. Rxf1 1-0

[Event "Titled Tuesday intern op 16th Jul Late"]
[Site "Chess.com INT"]
[Date "2024.07.16"]
[Round "2"]
[White "Zakarian, David"]
[Black "Zakin, Ilay"]
[Result "0-1"]
[WhiteElo "2301"]
[BlackElo "2294"]
[PlyCount "146"]
[EventDate "2024.07.16"]
[EventType "swiss (blitz)"]
[EventRounds "11"]
[EventCountry "USA"]
[SourceTitle "EXT 2025"]
[Source "ChessBase"]
[SourceDate "2024.10.14"]
[SourceVersion "1"]
[SourceVersionDate "2024.10.14"]
[SourceQuality "1"]

1. d4 Nf6 2. c4 c5 3. d5 b5 4. cxb5 a6 5. e3 g6 6. Nc3 Bg7 7. Nf3 0-0 8. a4 d6 9. Ra3 Nbd7 10. bxa6 Bxa6 11. Bxa6 Rxa6 12. 0-0 Nb6 13. b3 Qb8 14. e4 Nfd7 15. Qd3 Ra8 16. Nb5 Qb7 17. a5 Nc8 18. Bd2 Na7 19. Nxa7 Qxa7 20. Rb1 Rfb8 21. Ra4 Qa6 22. Qxa6 Rxa6 23. Kf1 Kf8 24. Ke2 Ke8 25. b4 cxb4 26. Raxb4 Rxb4 27. Bxb4 h6 28. Ke3 Kd8 29. Nd4 Ne5 30. Rc1 Ng4+ 31. Kf4 Bxd4 32. Kxg4 Bxf2 33. Rf1 h5+ 34. Kh3 Bc5 35. Bxc5 dxc5 36. Rxf7 Rxa5 37. Rg7 Ra6 38. Rg8+ Kd7 39. Rf8 c4 40. Rf3 Kd6 41. Kh4 Ke5 42. Rc3 Kd4 43. Rc1 Ra2 44. Rd1+ Kxe4 45. d6 exd6 46. Rxd6 Rxg2 47. h3 Rh2 48. Rxg6 c3 49. Rc6 Kd3 50. Kxh5 Rxh3+ 51. Kg4 Re3 52. Kf4 Re8 53. Rd6+ Kc2 54. Rc6 Kd2 55. Rd6+ Kc1 56. Rc6 c2 57. Kf3 Re5 58. Rc7 Kd2 59. Rd7+ Kc3 60. Rc7+ Kd3 61. Rd7+ Kc4 62. Rc7+ Rc5 63. Rxc5+ Kxc5 64. Ke2 c1Q 65. Kd3 Qc4+ 66. Ke3 Kb4 67. Kd2 Qb3 68. Ke2 Qc3 69. Kd1 Qb2 70. Ke1 Qc2 71. Kf1 Qd2 72. Kg1 Qe2 73. Kh1 Kc3 0-1

[Event "BCF-chT 2324 (4NCL)"]
[Site "England"]
[Date "2024.05.05"]
[Round "10.6"]
[White "Gourlay, Iain"]
[Black "Zakarian, David"]
[Result "0-1"]
[WhiteElo "2301"]
[BlackElo "2293"]
[PlyCount "92"]
[EventDate "2023.11.11"]
[EventType "team-tourn"]
[EventRounds "11"]
[EventCountry "ENG"]
[SourceTitle "EXT 2025"]
[Source "ChessBase"]
[SourceDate "2024.10.14"]
[SourceVersion "1"]
[SourceVersionDate "2024.10.14"]
[SourceQuality "1"]
[WhiteTeam "Alba"]
[BlackTeam "Oxford"]
[WhiteTeamCountry "ENG"]
[BlackTeamCountry "ENG"]

1. c4 Nf6 2. g3 g6 3. Bg2 Bg7 4. Nf3 0-0 5. 0-0 c6 6. b3 Ne4 7. d4 d5 8. Bb2 Be6 9. Nbd2 Nxd2 10. Qxd2 h6 11. Ne5 Nd7 12. cxd5 cxd5 13. Qe3 Nxe5 14. dxe5 Qa5 15. Rfd1 Rac8 16. Qd2 Qa6 17. Bxd5 Bxd5 18. Qxd5 Qxe2 19. Rd2 Qa6 20. e6 Qxe6 21. Bxg7 Kxg7 22. Qxe6 fxe6 23. Rd7 Rc2 24. f4 Kf6 25. a4 a5 26. Rxb7 Rd8 27. Rb5 Rdd2 28. Rxa5 Rg2+ 29. Kh1 Rxh2+ 30. Kg1 Rcg2+ 31. Kf1 Rxg3 32. b4 h5 33. b5 Rb3 34. Kg1 Rhb2 35. Ra8 Kf5 36. Rf8+ Kg4 37. Rg8 Rg3+ 38. Kf1 Kh3 39. Re1 Rgg2 40. Rxe6 Kh2 41. Rgxg6 Rb1+ 42. Re1 Rxe1+ 43. Kxe1 Rxg6 44. a5 Rg1+ 45. Kd2 Rb1 46. b6 Rb5 0-1

[Event "Titled Tuesday intern op 13th Feb Early"]
[Site "Chess.com INT"]
[Date "2024.02.13"]
[Round "11"]
[White "Gulamali, Kazim"]
[Black "Zakarian, David"]
[Result "0-1"]
[WhiteElo "2243"]
[BlackElo "2292"]
[PlyCount "76"]
[EventDate "2024.02.13"]
[EventType "swiss (blitz)"]
[EventRounds "11"]
[EventCountry "USA"]
[SourceTitle "CBM 218 Extra"]
[Source "ChessBase"]
[SourceDate "2024.03.31"]
[SourceVersion "1"]
[SourceVersionDate "2024.03.31"]
[SourceQuality "1"]

1. e4 c5 2. Nf3 e6 3. d4 cxd4 4. Nxd4 a6 5. Bd3 Nf6 6. 0-0 Qc7 7. Qe2 d6 8. c4 Nbd7 9. Nc3 b6 10. Rd1 Be7 11. Nf3 0-0 12. Bf4 Bb7 13. Rac1 Rac8 14. b3 Nc5 15. Bb1 Rfd8 16. h3 Qb8 17. Nd4 Qa8 18. f3 Bf8 19. Bg5 Be7 20. Be3 Re8 21. g4 d5 22. cxd5 exd5 23. e5 Nfd7 24. f4 Ne4 25. Nxe4 dxe4 26. Nf5 Rxc1 27. Bxc1 Bc5+ 28. Kh2 Nf8 29. Nd6 Rd8 30. Nxb7 Rxd1 31. Qxd1 Qxb7 32. Qe2 Qd5 33. Bxe4 Qd4 34. Qg2 Ne6 35. Kg3 Qc3+ 36. Qf3 Qxc1 37. f5 Qe1+ 38. Kg2 Qg1# 0-1

[Event "Titled Tuesday intern op 02nd Jan Late"]
[Site "Chess.com INT"]
[Date "2024.01.02"]
[Round "6"]
[White "Cervantes Landeiro, Thalia"]
[Black "Zakarian, David"]
[Result "1/2-1/2"]
[WhiteElo "2184"]
[BlackElo "2297"]
[PlyCount "81"]
[EventDate "2024.01.02"]
[EventType "swiss (blitz)"]
[EventRounds "11"]
[EventCountry "USA"]
[SourceTitle "EXT 2025"]
[Source "ChessBase"]
[SourceDate "2024.10.14"]
[SourceVersion "1"]
[SourceVersionDate "2024.10.14"]
[SourceQuality "1"]

1. d4 Nf6 2. c4 e6 3. Nf3 b6 4. g3 Bb7 5. Bg2 Be7 6. 0-0 0-0 7. Re1 Na6 8. Bg5 c5 9. Nc3 cxd4 10. Nxd4 Bxg2 11. Kxg2 Rc8 12. Qa4 Nb4 13. Qxa7 Rxc4 14. Nf3 Nc2 15. Qa6 Rc8 16. Qb5 Nxa1 17. Rxa1 d5 18. a4 Rc5 19. Qb3 Qc7 20. Nb5 Qc6 21. Nbd4 Qc7 22. Bf4 Qb7 23. Ra2 Ra8 24. Qd3 Ne4 25. b4 Rc4 26. Ne5 Rxb4 27. Nec6 Rbxa4 28. Rxa4 Rxa4 29. Qb5 Ra8 30. f3 Bc5 31. fxe4 dxe4 32. e3 h6 33. Ne5 Ra2+ 34. Kh3 Qd5 35. Qe8+ Kh7 36. Qxf7 Bxd4 37. Qg6+ Kg8 38. Qe8+ Kh7 39. Qg6+ Kg8 40. Qf7+ Kh7 41. Qg6+ 1/2-1/2

[Event "Titled Tuesday intern op 26th Dec Early"]
[Site "Chess.com INT"]
[Date "2023.12.26"]
[Round "5"]
[White "Zakarian, David"]
[Black "Adan Bermudez, Sergio"]
[Result "1/2-1/2"]
[WhiteElo "2297"]
[BlackElo "2333"]
[PlyCount "249"]
[EventDate "2023.12.26"]
[EventType "swiss (blitz)"]
[EventRounds "11"]
[EventCountry "USA"]
[SourceTitle "EXT 2025"]
[Source "ChessBase"]
[SourceDate "2024.10.14"]
[SourceVersion "1"]
[SourceVersionDate "2024.10.14"]
[SourceQuality "1"]

1. d4 e6 2. c4 a6 3. Nf3 b5 4. cxb5 axb5 5. e4 Bb7 6. Qc2 Nc6 7. Bxb5 Nb4 8. Qe2 Nf6 9. Nc3 c5 10. 0-0 cxd4 11. Nxd4 Bc5 12. Nb3 Be7 13. a3 Nc6 14. e5 Ng8 15. Rd1 Qc7 16. Bf4 g5 17. Bg3 h5 18. h3 h4 19. Bh2 Nh6 20. Rac1 Nf5 21. Ne4 Qb6 22. a4 Ncd4 23. Nxd4 Nxd4 24. Qd3 Nxb5 25. axb5 Kf8 26. Nf6 Bxf6 27. exf6 Bd5 28. Bc7 Qb7 29. Bd6+ Ke8 30. Rc7 Qb6 31. Bh2 Rb8 32. Rdc1 Rd8 33. Qa3 d6 34. Rc8 Kf8 35. Bxd6+ Kg8 36. Rxd8+ Qxd8 37. Be7 Qd7 38. Qd3 g4 39. b6 gxh3 40. Qxh3 Rh6 41. Qg4+ Rg6 42. Qh3 Rxg2+ 43. Qxg2+ Bxg2 44. Kxg2 Qb7+ 45. Kh2 Qxb6 46. Rc8+ Kh7 47. Rc3 Qxf2+ 48. Kh3 Kg6 49. Ra3 e5 50. Rc3 e4 51. Bc5 Qf1+ 52. Kxh4 Qh1+ 53. Kg3 Qe1+ 54. Kf4 Kxf6 55. Bd4+ Kg6 56. Rc6+ Kh7 57. Be3 Qh4+ 58. Ke5 Qh5+ 59. Kd4 f5 60. Rc7+ Kg6 61. Rc6+ Kf7 62. Rc7+ Ke6 63. Rc6+ Kd7 64. Rc5 Qd1+ 65. Ke5 Qf3 66. Rd5+ Kc6 67. Rc5+ Kb7 68. Rb5+ Ka6 69. Rb6+ Ka5 70. Rb3 f4 71. Ra3+ Kb5 72. Bxf4 Qg2 73. Re3 Kc4 74. Rxe4+ Kb3 75. Re3+ Kxb2 76. Kd4 Qg4 77. Ke4 Kc2 78. Rf3 Qe6+ 79. Kd4 Qd7+ 80. Ke3 Qd3+ 81. Kf2 Qe4 82. Kg3 Qg6+ 83. Kf2 Qe4 84. Kg2 Kd1 85. Kg3 Qg6+ 86. Kf2 Qc2+ 87. Kg3 Qg6+ 88. Kf2 Qg4 89. Rd3+ Kc2 90. Rf3 Qh4+ 91. Bg3 Qd4+ 92. Kg2 Kd1 93. Rf2 Qe4+ 94. Kg1 Qg4 95. Kg2 Qe4+ 96. Kh2 Qg6 97. Kg2 Qh5 98. Rf1+ Ke2 99. Rf2+ Ke3 100. Rf1 Qd5+ 101. Kh2 Ke2 102. Rf2+ Ke3 103. Rg2 Qh5+ 104. Kg1 Kf3 105. Bf2 Qd5 106. Rg3+ Kf4 107. Re3 Qd1+ 108. Re1 Qg4+ 109. Kf1 Qh3+ 110. Kg1 Qg4+ 111. Kf1 Qh3+ 112. Kg1 Qd3 113. Re3 Qd1+ 114. Kg2 Qg4+ 115. Kf1 Qd1+ 116. Kg2 Qd5+ 117. Kf1 Kg4 118. Kg1 Qd1+ 119. Kg2 Qd5+ 120. Kf1 Kf4 121. Kg1 Qg5+ 122. Kf1 Qh5 123. Kg1 Qg4+ 124. Kf1 Qd1+ 125. Kg2 1/2-1/2

[Event "Titled Tuesday intern op 12th Dec Late"]
[Site "Chess.com INT"]
[Date "2023.12.12"]
[Round "8"]
[White "Estrada Nieto, Julian"]
[Black "Zakarian, David"]
[Result "0-1"]
[WhiteElo "2212"]
[BlackElo "2297"]
[PlyCount "64"]
[EventDate "2023.12.12"]
[EventType "swiss (blitz)"]
[EventRounds "11"]
[EventCountry "USA"]
[SourceTitle "EXT 2025"]
[Source "ChessBase"]
[SourceDate "2024.10.14"]
[SourceVersion "1"]
[SourceVersionDate "2024.10.14"]
[SourceQuality "1"]

1. e4 Nc6 2. Nf3 d6 3. d4 Nf6 4. Nc3 Bg4 5. Bb5 a6 6. Bxc6+ bxc6 7. h3 Bh5 8. Bg5 Qb8 9. Rb1 e6 10. g4 Bg6 11. Qe2 h5 12. Bxf6 hxg4 13. Nh2 Rxh3 14. Qc4 gxf6 15. Qxc6+ Ke7 16. 0-0 Bh5 17. Rfe1 Bh6 18. Nf1 Ra7 19. Ng3 Bd2 20. Red1 Bg5 21. Kg2 Qh8 22. Rh1 Bg6 23. Rbe1 Bd2 24. Rd1 Bf4 25. Qc4 Qh7 26. Qd3 Ra8 27. Rdg1 Rh8 28. Kf1 Bxg3 29. Rxh3 Qxh3+ 30. Ke2 Bf4 31. Rxg4 Qxg4+ 32. f3 Rh2+ 0-1

[Event "Titled Tuesday intern op 12th Dec Late"]
[Site "Chess.com INT"]
[Date "2023.12.12"]
[Round "9"]
[White "Shapiro, Viktor"]
[Black "Zakarian, David"]
[Result "1-0"]
[WhiteElo "2113"]
[BlackElo "2297"]
[PlyCount "77"]
[EventDate "2023.12.12"]
[EventType "swiss (blitz)"]
[EventRounds "11"]
[EventCountry "USA"]
[SourceTitle "EXT 2025"]
[Source "ChessBase"]
[SourceDate "2024.10.14"]
[SourceVersion "1"]
[SourceVersionDate "2024.10.14"]
[SourceQuality "1"]

1. c4 Nf6 2. Nc3 g6 3. Nf3 Bg7 4. d4 0-0 5. Bg5 b6 6. e4 h6 7. Bh4 Bb7 8. Bd3 d6 9. 0-0 Nc6 10. d5 Nb4 11. Bb1 a5 12. Re1 Bc8 13. h3 e5 14. dxe6 Bxe6 15. Qe2 Qc8 16. a3 Na6 17. Nd5 Nxd5 18. cxd5 Bd7 19. Ra2 a4 20. Qc4 Re8 21. b4 axb3 22. Qxb3 Nc5 23. Qd1 Qa6 24. Nd4 Qc4 25. Rd2 Rxa3 26. Bg3 Ba4 27. Bc2 Bxc2 28. Nxc2 Ra2 29. Ne3 Rxd2 30. Qxd2 Qxe4 31. Nc2 f5 32. Rxe4 Nxe4 33. Qd3 f4 34. Bxf4 g5 35. Be3 Nf6 36. Nd4 Ra8 37. Ne6 Ra1+ 38. Kh2 Nd7 39. Qg6 1-0

[Event "Titled Tuesday intern op 12th Dec Late"]
[Site "Chess.com INT"]
[Date "2023.12.12"]
[Round "4"]
[White "Zakarian, David"]
[Black "Desideri, Ricardo Maruchi"]
[Result "1-0"]
[WhiteElo "2297"]
[BlackElo "1959"]
[PlyCount "63"]
[EventDate "2023.12.12"]
[EventType "swiss (blitz)"]
[EventRounds "11"]
[EventCountry "USA"]
[SourceTitle "EXT 2025"]
[Source "ChessBase"]
[SourceDate "2024.10.14"]
[SourceVersion "1"]
[SourceVersionDate "2024.10.14"]
[SourceQuality "1"]

1. d4 Nf6 2. c4 c5 3. d5 e6 4. Nc3 exd5 5. cxd5 d6 6. Nf3 g6 7. Bf4 a6 8. a4 Bg7 9. h3 0-0 10. e3 Re8 11. Be2 Nbd7 12. 0-0 Ne4 13. Nxe4 Rxe4 14. Qc2 Rxf4 15. exf4 Nf6 16. Rfd1 Qe7 17. Bd3 Nh5 18. f5 Nf4 19. fxg6 hxg6 20. Re1 Qd8 21. Re4 Nxd3 22. Qxd3 Bf5 23. Rb1 Qf6 24. b3 Bh6 25. Rbe1 Kg7 26. Qc4 Bxe4 27. Rxe4 Rb8 28. a5 b5 29. axb6 Rxb6 30. Re8 Rb4 31. Qxa6 Qa1+ 32. Qxa1+ 1-0

[Event "Titled Tuesday intern op 12th Dec Late"]
[Site "Chess.com INT"]
[Date "2023.12.12"]
[Round "5"]
[White "Zakarian, David"]
[Black "Rodgers, Jack"]
[Result "1-0"]
[WhiteElo "2297"]
[BlackElo "2059"]
[PlyCount "117"]
[EventDate "2023.12.12"]
[EventType "swiss (blitz)"]
[EventRounds "11"]
[EventCountry "USA"]
[SourceTitle "EXT 2025"]
[Source "ChessBase"]
[SourceDate "2024.10.14"]
[SourceVersion "1"]
[SourceVersionDate "2024.10.14"]
[SourceQuality "1"]

1. e4 c5 2. Nf3 g6 3. Bc4 Bg7 4. 0-0 e6 5. Re1 Ne7 6. Bf1 0-0 7. d3 Nbc6 8. c3 d5 9. Qe2 b6 10. Nbd2 Ba6 11. Qd1 Qd7 12. Qa4 Bb7 13. Qc2 Rac8 14. g3 Rfd8 15. a3 Ba6 16. Qa4 Bb7 17. Rb1 a6 18. Qc2 b5 19. Bg2 c4 20. d4 a5 21. exd5 exd5 22. Nf1 Re8 23. h4 h5 24. Bf4 Nf5 25. Qd2 Rxe1 26. Rxe1 Re8 27. Bh3 Rxe1 28. Qxe1 Qe6 29. Qxe6 fxe6 30. Ne3 b4 31. axb4 axb4 32. Ng5 Bc8 33. Bxf5 gxf5 34. Kf1 Bf6 35. Nf3 b3 36. Ke2 Kf7 37. Kd2 Be7 38. Ng2 Bf6 39. Bd6 Ke8 40. Nf4 Kd7 41. Be5 Bxe5 42. Nxe5+ Nxe5 43. dxe5 Ke7 44. Nxh5 Kf7 45. Nf4 Kg7 46. Ke3 Bd7 47. Kd4 Bc8 48. f3 Kf7 49. g4 fxg4 50. fxg4 Kg7 51. g5 Kf7 52. h5 Kg7 53. Kc5 Kf7 54. Ne2 Bd7 55. Kd6 Be8 56. Nd4 Kg7 57. g6 Kh6 58. Kxe6 Kxh5 59. g7 1-0

[Event "Titled Tuesday intern op 05th Dec Late"]
[Site "Chess.com INT"]
[Date "2023.12.05"]
[Round "10"]
[White "Galaktionov, Artem"]
[Black "Zakarian, David"]
[Result "1-0"]
[WhiteElo "2315"]
[BlackElo "2297"]
[PlyCount "79"]
[EventDate "2023.12.05"]
[EventType "swiss (blitz)"]
[EventRounds "11"]
[EventCountry "USA"]
[SourceTitle "EXT 2025"]
[Source "ChessBase"]
[SourceDate "2024.10.14"]
[SourceVersion "1"]
[SourceVersionDate "2024.10.14"]
[SourceQuality "1"]

1. d4 Nf6 2. Nf3 e6 3. c4 Nc6 4. Nc3 Bb4 5. Qc2 Qe7 6. a3 Bxc3+ 7. Qxc3 d6 8. Bf4 h6 9. b4 Ne4 10. Qc2 f5 11. h4 e5 12. dxe5 Nxe5 13. Nd4 c5 14. Nb3 Ng4 15. f3 Nef2 16. Rg1 Qxh4 17. g3 Qe7 18. fxg4 Nxg4 19. 0-0-0 Ne3 20. Qd3 Nxd1 21. Bxd6 Qe3+ 22. Qxe3+ Nxe3 23. Bxc5 Nxf1 24. Rxf1 Be6 25. Nd2 b6 26. Bd4 0-0 27. c5 Rfd8 28. e3 a5 29. cxb6 axb4 30. axb4 Ra2 31. Nb1 g6 32. Rd1 Rc8+ 33. Bc5 Kf7 34. Rd6 Bb3 35. Nd2 Rc2+ 36. Kb1 Ba4 37. Nf3 Rg2 38. Ne5+ Ke8 39. Rxg6 Rd8 40. Rg8# 1-0